Responses for show #5161 - Monday, February 5, 2007

2007 Teen Tournament quarterfinal game 1.

Contestants

Hank Robinson, a senior from Lithia Springs, Georgia

Heidi Liu, a senior from Plymouth, Minnesota

Kristin Briggs, a senior from Parkland, Florida

Jeopardy! Round responses

NOVEL SYNOPSES
MTV
NEWSPAPER SECTIONS
COMPUTING 101
CHEM CLASS
YOU GET AN "A"
    $200 3
The Da Vinci Code

Hank
    $200 1
Punk'd

Hank
    $200 26
Sports

Hank
    $200 2
application

Heidi
    $200 21
temperature

Heidi
    $200 10
Athens

Hank
    $400 4
The Catcher in the Rye

Kristin
    $400 5
The Osbournes

Kristin
    $400 27
(Heidi: What is the Magazine?)

the Book Review section

Heidi
Triple Stumper
    $400 7
an icon

Kristin
    $400 22
an acid

Hank
    $400 12
Arthur

Kristin
    $600 16
The Chocolate War

Heidi
    $600 6
Made

Hank
    $600 28
the Classifieds

Kristin
    $600 11
a scanner

Kristin
    $600 23
oxidation

Heidi
    $600 13
ami

Hank
    $800 17
(Alex: That was a wonderful film called [*]. Robert Redford.)

The Natural

Triple Stumper
    $800 8
Total Request Live

Kristin
    $800 29
Business

Heidi
    $800 14
an Internet service provider

Kristin
    $800 24
friction

Kristin
    $800 19
arthropods

Hank
    $1000 18
All Quiet on the Western Front

Hank
    $1000 9
(Heidi: What is Right to Vote?)

Rock the Vote

KristinHeidi
    $1000 30
Metro

Heidi
    $1000 15
YouTube

Heidi
    $1000 25
(Hank: What is combustion?)
...
(Alex: With a minute to go.)

a reaction

HeidiHank
    $1,000 20
Austria

Hank

Scores at the first commercial break (after clue 15):

Kristin Heidi Hank
$4,800 $200 $1,800

Scores at the end of the Jeopardy! Round:

Kristin Heidi Hank
$6,200 $4,000 $4,200

Double Jeopardy! Round responses

TEENS IN HISTORY
ALSO A PRO SPORTS TEAM
LANDMARKS
NORSE MYTHOLOGY
OIL IN THEM THAR STATES
ADJECTIVES
    $400 6
France

Kristin
    $400 1
the Heat

Hank
    $400 15
the Washington Monument

Kristin
    $400 2
Eve

Hank
    $400 22
South Dakota

Heidi
    $400 12
instant

Heidi
    $800 7
Cleopatra

Hank
    $800 25
Saints

Kristin
    $800 16
Trafalgar

Hank
    $800 3
Friday

Hank
    $800 23
Kentucky

Hank
    $3,000 13
digital

Heidi
    $1200 9
(Heidi: Who is Marc Antony?)

Julius Caesar

HeidiHank
    $1200 26
Bulls

Heidi
    $1200 17
Pittsburgh

Hank
    $1200 4
a hammer

Hank
    $1200 24
Illinois

Heidi
    $1200 14
fantastic

Hank
    $1600 10
King Ferdinand

Kristin
    $1600 29
Senators

Heidi
    $2,000 18
(Alex: Ugly duckling a reference to Hans Christian Andersen.)

Denmark

Hank
    $1600 5
Odin

Heidi
    $1600 27
Kansas

Hank
    $1600 20
papal

Heidi
    $2000 11
a ballet dancer

Triple Stumper
    $2000 30
Blues

Hank
    $2000 19
Cyprus

Hank
    $2000 8
Valhalla

Hank
    $2000 28
West Virginia

Triple Stumper
    $2000 21
southern (or south)

Hank

Scores at the end of the Double Jeopardy! Round:

Kristin Heidi Hank
$9,400 $13,800 $24,600

Final Jeopardy! Round responses

LANGUAGES
KristinWhat are Spani sh Spanish and Portugese?
$4,401
HeidiWhat are Spanish + Portuguese?
$1,150
HankWhat are Spanish + Portu Portuguese
$5,000
Spanish & Portuguese

Final scores:

Kristin Heidi Hank
$13,801 $14,950 $29,600
3rd place: $5,000 if eliminated 2nd place: $5,000 if eliminated Automatic semifinalist

Game dynamics:

Coryat scores:

Kristin Heidi Hank
$9,400 $11,600 $24,200
14 R,
0 W
16 R
(including 1 DD),
3 W
26 R
(including 2 DDs),
1 W

Combined Coryat: $45,200

The J! Archive is created by fans, for fans. The Jeopardy! game show and all elements thereof, including but not limited to copyright and trademark thereto, are the property of Jeopardy Productions, Inc. and are protected under law. This website is not affiliated with, sponsored by, or operated by Jeopardy Productions, Inc. Join the discussion at JBoard.tv.